Transaction Costs and Willingness to Donate

Guardado en:
Detalles Bibliográficos
Autor principal: Péliová, Jana, 1976-
Otros Autores: Brokešová, Zuzana, 1985-
Formato: Capítulo de libro
Lenguaje:inglés
Materias:
Etiquetas: Agregar Etiqueta
Sin Etiquetas, Sea el primero en etiquetar este registro!

MARC

LEADER 00000naa$a2200000$$$4500
001 0314260
005 20260121100620.5
041 0 |a eng 
044 |a SK 
245 1 0 |a Transaction Costs and Willingness to Donate  |c Jana Péliová, Zuzana Brokešová 
500 |a Abstrakt 
610 2 0 |a rozhodovanie 
610 2 0 |a teória rozhodovania 
610 2 0 |a náklady transakčné 
610 2 0 |a dary 
100 1 |a Péliová, Jana, 1976- 
700 1 |a Brokešová, Zuzana, 1985-